Histoire de la decapitation

Αποθηκεύτηκε σε:
Λεπτομέρειες βιβλιογραφικής εγγραφής
Κύριος συγγραφέας: Stahl, Paul H.
Μορφή: Βιβλίο
Γλώσσα:French
Δημοσίευση: Paris : Presses Universitaires de France, c1986
Σειρά:Chemins de l'histoire,
Θέματα:
Ετικέτες: Προσθήκη ετικέτας
Δεν υπάρχουν, Καταχωρήστε ετικέτα πρώτοι!

MARC

LEADER 00000nam a2200000 i 4500
001 1/2065
008 950808s1986 fre d
020 |a 2-13-039212-1 
035 |l 10014682 
040 |a GR-MY-UA  |b gre  |e aacr 
041 0 |a fre 
082 0 |a 364.66 
100 1 |a Stahl, Paul H. 
245 1 0 |a Histoire de la decapitation /  |c Paul-Henri Stahl 
260 |a Paris :   |b Presses Universitaires de France,   |c c1986 
300 |a 247 p.;  |c 22 cm 
490 1 |a Chemins de l'histoire  |x 0759-7541 
504 |a Bibliography: p. [237]-247 
650 0 0 |a Beheading  |x History. 
650 0 0 |a Capital punishment  |x History. 
650 0 0 |a Atrocities  |x History. 
830 0 |a Chemins de l'histoire,  |x 0759-7541 
852 |a INST  |b LESVOS  |e 19950808  |h 364.66 STA  |p 005100007496  |q 005100007496  |t BK  |y 0 
909 |a Λ  |b 024813